000 00651nam a2200217 i 4500
001 44161
003 ES-MaACL
005 20251017063044.0
007 t|
008 030320s1957 sp ||||1| spa d
100 1 _aCirlot, Juan-Eduardo,
_d1916-1973
_938898
245 1 0 _aCubismo y figuración /
_cJuan-Eduardo Cirlot.
260 _aBarcelona :
_bSeix Barral,
_c1957.
300 _a114 p. :
_bil. ;
_c18 cm.
490 1 _aBiblioteca breve
650 0 4 _aCubismo.
_911470
650 4 _aPintura figurativa.
_9159050
830 0 _aBiblioteca breve (Seix Barral)
_9227188
852 _aES-MaACL
_jC-12470
_bR.40901
999 _c44161
_d44161